000 00319nam a2200121Ia 4500
008 220204s9999 xx 000 0 und d
082 _aNR:62:678.02
_bVER
245 0 _aProcessing of natural rubber
260 _aRome
_bFAO
_c1973
490 _aFAO Agricultural Services Bulletin 20
700 _aVerhaar, G
942 _cBK
999 _c40742
_d40742